| 000 | 00456nam a2200145Ia 4500 | ||
|---|---|---|---|
| 041 | _aKurdish | ||
| 082 | _a364,16 cut-269 ئ | ||
| 100 | _a20260118u\\\\\\\\\\\y0engy0103\\\\ba | ||
| 100 | _aسوزن ڕۆز - ئاکەرمان | ||
| 245 | 0 | _aگەندەڵى و حکومەت هۆکارەکانى ولێکەوتەکانى وچاکسازى | |
| 250 | _aچ1 | ||
| 260 |
_bچاپخانەیى تەبابى _aهەولێر _c2023 |
||
| 300 | _a887 | ||
| 942 | _cBk | ||
| 999 |
_c187923 _d187923 |
||